000 00712nam a22002417a 4500
003 UA-OsUOA
001 69824
007 ta
008 20100706b un ||||| |||| 00| 0 ukr d
100 _aФридмэр Л.
090 _a340(73)
_bФ88
942 _cBK
040 _aUA-OsUOA
_brus
_cUA-OsUOA
_dUA-OsUOA
245 _aВведение в Американское право
300 _a286 с.
955 _a2
041 _arus
080 _a340(73)
020 _a5-01-003555-9
260 _aМ.
_bПрогресс-Универс
_c1992
650 7 _a340 Право в цілому. Пропедевтика. Методи та допоміжні правничі науки
_2UDC
999 _c355961
_d355961